| 000 | 00676nam a22002297a 4500 | ||
|---|---|---|---|
| 003 | OSt | ||
| 005 | 20140310181930.0 | ||
| 008 | 130722t xxu||||| |||| 00| 0 eng d | ||
| 020 | _a9780199126002 | ||
| 050 |
_aPQ 3980 _b.B756 2006 |
||
| 082 |
_aTRF 488 _bB66equ 2006 |
||
| 100 |
_aBoudais, Daniele _92638 |
||
| 245 |
_aEquipe dynamique foundation / _cDaniele Bourdais, Sue Finnie. |
||
| 260 |
_aOxford : _bOxford University Press, _cc2006. |
||
| 300 |
_a224 p. : _bill. col. ; _c28 cm. |
||
| 500 | _aEquipe Dynamique Textbook. | ||
| 521 | _aFaculty | ||
| 541 | _j1 | ||
| 562 | _e1 | ||
| 650 |
_aFrench _xStudy and teaching. _92644 |
||
| 942 |
_2lcc _cBK-TR _kTR |
||
| 999 |
_c7324 _d7324 |
||